000 00887nam a22002297a 4500
005 20170124110014.0
010 _aB-079324
020 _c00.00
_a8178290057
035 _aB-079324
037 _bCen Lib/Ret
040 _aDPL
_bEN
082 _a305.891420
_bVER
100 _aVerma, Archana B.
_918408
245 _aThe making of little punjab in Canada :
_cby Archana B.Verma
_bpatterns of immigration /
260 _aNew Delhi
_bSage Publications
_c2002
270 _bNew Delhi
_aM-32, Market, Greater Kailash-I
_e110048
300 _a254p. :
_c22cm(Hb)
_bill.
500 _aIncludes bibliographical references and index
650 _a Panjabis (South Asian people) -- British Columbia -- History -- 20th century.
_918409
650 _aRajput (Indic people) -- British Columbia -- History -- 20th century.
_z
_918410
942 _2ddc
_cEN
_h305.891420
_mVER
999 _c126761
_d126761